ბათუმის შოთა რუსთაველის სახელმწიფო უნივერსიტეტის ბიბლიოთეკა

Исследования по истории древнегреческого общества ; (ბიბ.ჩანაწერი № 60738)

000 -LEADER
fixed length control field 01180nam a22002057a 4500
005 - DATE AND TIME OF LATEST TRANSACTION
control field 20231016170222.0
008 - FIXED-LENGTH DATA ELEMENTS--GENERAL INFORMATION
fixed length control field 231016s1959ru xxu||||| |||| 00| 0 rus d
041 ## - LANGUAGE CODE
Language code of text/sound track or separate title rus
080 ## - UNIVERSAL DECIMAL CLASSIFICATION NUMBER
Universal Decimal Classification number 94(38)+1 Т- 82
100 ## - MAIN ENTRY--PERSONAL NAME
Personal name Томсон, Джордж (1903 - 1987)
9 (RLIN) 20097
245 ## - TITLE STATEMENT
Title Исследования по истории древнегреческого общества ;
Remainder of title том 2 : Первые философы /
Statement of responsibility, etc. Дж. Томсон, пер. с англ. В. М. Закладной и С. Д.В. М.
264 ## - PRODUCTION, PUBLICATION, DISTRIBUTION, MANUFACTURE, AND COPYRIGHT NOTICE
Place of production, publication, distribution, manufacture Москва :
Name of producer, publisher, distributor, manufacturer Издательство иностранной литературы,
Date of production, publication, distribution, manufacture, or copyright notice 1959.
300 ## - PHYSICAL DESCRIPTION
Extent 371с.:
Other physical details ил., карты.
Dimensions 23 см.
505 ## - FORMATTED CONTENTS NOTE
Formatted contents note Библиогр.: с. 352 - 357.
653 ## - INDEX TERM--UNCONTROLLED
keyword Исследования по истории древнегреческого общества
653 ## - INDEX TERM--UNCONTROLLED
keyword კვლევა ძველი ბერძნული საზოგადოების ისტორიის შესახებ
700 ## - ADDED ENTRY--PERSONAL NAME
Personal name Закладной, В. М.
Relator term მთარგმნელი
9 (RLIN) 20098
700 ## - ADDED ENTRY--PERSONAL NAME
Personal name Комарова, С. Д.
Relator term მთარგმნელი
9 (RLIN) 20099
942 ## - ADDED ENTRY ELEMENTS (KOHA)
Source of classification or shelving scheme
Koha item type წიგნი
ეგზემპლარები
Withdrawn status Lost status Source of classification or shelving scheme Damaged status Not for loan Permanent Location Current Location Shelving location Date acquired Cost, normal purchase price Full call number Barcode Date last seen Copy number Uniform Resource Identifier Price effective from Koha item type Public note
          ბათუმის შოთა რუსთაველის სახელმწიფო უნივერსიტეტის მთავარი ბიბლიოთეკა ბათუმის შოთა რუსთაველის სახელმწიფო უნივერსიტეტის მთავარი ბიბლიოთეკა წიგნსაცავი 2023-10-16 8.00 94(38)+1 Т- 82 65332 2023-10-16 65332 ბსუ-ს საპატიო დოქტორის გურამ ლორთქიფანიძის საჩუქარი 2023-10-16 წიგნი 8.00